|
|
|
|
| LEADER |
00000cab a2200000 a 4500 |
| 001 |
037572 |
| 003 |
UAHC_CL |
| 005 |
20170803124138.0 |
| 008 |
101214s2009 mx j 000 1 spa |
| 040 |
|
|
|a UAHC_CL
|c UAHC_CL
|d UAHC_CL
|
| 100 |
1 |
|
|a Dabat, Alejandra
|
| 245 |
1 |
3 |
|a La crisis financiera en Estados Unidos y sus consecuencias internacionales /
|c Alejandro Dabat.
|
| 260 |
|
|
|b UNAM
|a México
|c 2009
|
| 270 |
|
|
|a Galvarino Gallardo 1576, Casilla 113, Correo 35, Santiago, Chile. Tel. (02) 2237913/2745337, Fax: (02) 2231903, (562) 6984127.
|
| 300 |
|
|
|a p. 41-76
|
| 310 |
|
|
|a Mensual
|
| 362 |
0 |
|
|a Año 1, vol. 1, no. 0 (jun. 1986)-
|
| 362 |
0 |
|
|a Año 1, vol. 1, no. 0 (jun. 1986)-
|
| 500 |
|
|
|a En: Problemas del Desarrollo. Revista Latinoamericana de Economía. Edición Cono Sur. Vol. 4, no. 8, julio - noviembre 2009. pp. 41-76. ISSN: 0301-7036.
|
| 500 |
|
|
|a En: Problemas del Desarrollo. Revista Latinoamericana de Economía. Edición Cono Sur. Vol. 4, no. 8, julio - noviembre 2009. pp. 41-76. ISSN: 0301-7036.
|
| 520 |
|
|
|a El presente artículo considera la crisis internacional basada en el sistema financiero estadounidense desde una perspectiva análitica que trata de unir tres aspectos íntimamente ligados en la generación y el desenlace de la misma.
|
| 520 |
|
|
|a El presente artículo considera la crisis internacional basada en el sistema financiero estadounidense desde una perspectiva análitica que trata de unir tres aspectos íntimamente ligados en la generación y el desenlace de la misma.
|
| 650 |
|
4 |
|a CRISIS FINANCIERA
|
| 651 |
|
4 |
|a ESTADOS UNIDOS
|
| 759 |
|
|
|a PP107
|
| 773 |
0 |
|
|t Problemas del desarrollo : revista latinoamericana de economía, edición Cono Sur
|w 037569
|
| 900 |
|
|
|a PROB. DES.-08/09
|
| 942 |
|
|
|c REVA
|
| 952 |
|
|
|0 0
|1 0
|4 0
|6 PROB___DES_08_09_000000000000000
|7 0
|8 General
|9 71537
|a BC
|b BC
|c General
|d 2017-08-03
|l 0
|o PROB. DES.-08/09
|p FICTICIO5562
|r 2019-01-08 00:00:00
|t 1
|w 2017-08-03
|y REVA
|
| 999 |
|
|
|c 37572
|d 37572
|